[Event "Olympiad-44"]
[Site "Chennai"]
[Date "2022.08.03"]
[Round "6.4"]
[White "Mirulla, David"]
[Black "Schartz, Alain"]
[Result "0-1"]
[WhiteElo "1953"]
[BlackElo "2086"]
[PlyCount "79"]
[EventDate "2022.07.29"]
[EventType "team-swiss"]
[EventRounds "11"]
[EventCountry "IND"]
[SourceTitle "CBM 210"]
[Source "ChessBase"]
[SourceDate "2022.10.31"]
[SourceVersion "1"]
[SourceVersionDate "2022.10.31"]
[SourceQuality "1"]
[WhiteTeam "Kap Verde"]
[BlackTeam "Luxembourg"]
[WhiteTeamCountry "KAP"]
[BlackTeamCountry "LUX"]

1. e4 c5 2. Nf3 d6 3. d4 cxd4 4. Nxd4 Nf6 5. Nc3 a6 6. h3 e5 7. Nb3 Be6 8. g4 Nc6 9. g5 Nd7 10. Be3 Nb6 11. Qf3 Nc4 12. Bxc4 Bxc4 13. Nd5 Bxd5 14. exd5 Na5 15. Qe4 Nxb3 16. axb3 Be7 17. h4 Qd7 18. h5 f5 19. gxf6 Bxf6 20. Rg1 Rc8 21. Rg3 Qf7 22. 0-0-0 h6 23. Rg6 Qe7 24. Rdg1 Rf8 25. Qg4 Rd8 26. f4 Qd7 27. Qg2 Qf5 28. Re1 Kf7 29. fxe5 dxe5 30. Rg3 Qxh5 31. Rh1 Qf5 32. d6 Qd7 33. Bb6 Rc8 34. Bc7 Qc6 35. Qh3 Rfd8 36. Qh5+ Kf8 37. Rc3 Qd5 38. Rf1 Qg2 39. Qf5 Rd7 40. Rcf3 0-1

[Event "EU Small Countries ol 7th"]
[Site "Sliema"]
[Date "2021.11.30"]
[Round "4.2"]
[White "Schartz, Alain"]
[Black "Van Hoolandt, Patrick"]
[Result "0-1"]
[WhiteElo "2105"]
[BlackElo "2017"]
[PlyCount "124"]
[EventDate "2021.11.28"]
[EventType "team-tourn"]
[EventRounds "9"]
[EventCountry "MLT"]
[SourceTitle "CBM 205 Extra"]
[Source "ChessBase"]
[SourceDate "2022.01.31"]
[SourceVersion "1"]
[SourceVersionDate "2022.01.31"]
[SourceQuality "1"]
[WhiteTeam "Luxembourg"]
[BlackTeam "Monaco"]
[WhiteTeamCountry "LUX"]
[BlackTeamCountry "MNC"]

1. Nf3 d5 2. g3 c6 3. Bg2 Bg4 4. 0-0 Nd7 5. d3 e6 6. Nbd2 Bd6 7. b3 Ne7 8. Bb2 0-0 9. Qe1 a5 10. a4 Qc7 11. h3 Bh5 12. e4 f6 13. Nd4 Nc5 14. Ba3 Bf7 15. exd5 exd5 16. N2f3 Qd7 17. Qd2 Ng6 18. Qc3 Ne6 19. Bxd6 Qxd6 20. Nxe6 Bxe6 21. Nd4 Bd7 22. f4 Rfe8 23. Rae1 Qb4 24. Qxb4 axb4 25. Rxe8+ Rxe8 26. Kf2 Kf8 27. Ne2 Ke7 28. h4 Kd6 29. Bf3 Nh8 30. g4 Nf7 31. Rb1 h6 32. h5 Re7 33. Ra1 Re8 34. d4 f5 35. gxf5 Bxf5 36. c3 bxc3 37. Nxc3 Nd8 38. b4 Ne6 39. Ne2 Bd3 40. Rg1 Bxe2 41. Bxe2 Nxf4 42. Bg4 Nd3+ 43. Kg3 Re3+ 44. Kh2 Nxb4 45. Rb1 c5 46. dxc5+ Kxc5 47. Rc1+ Kd6 48. Bc8 Nd3 49. Rb1 Nc5 50. a5 Rb3 51. Rg1 Rb2+ 52. Kh3 Nd3 53. a6 bxa6 54. Bxa6 Nf4+ 55. Kg4 Ne6 56. Kf5 Rf2+ 57. Kg6 Rf6+ 58. Kh7 Rf7 59. Bc8 Ng5+ 60. Kg6 Ke7 61. Bb7 Kf8 62. Bxd5 Rf6# 0-1

[Event "EU Small Countries ol 7th"]
[Site "Sliema"]
[Date "2021.11.29"]
[Round "3.5"]
[White "Carpenter, Paul A"]
[Black "Schartz, Alain"]
[Result "0-1"]
[WhiteElo "1982"]
[BlackElo "2105"]
[PlyCount "86"]
[EventDate "2021.11.28"]
[EventType "team-tourn"]
[EventRounds "9"]
[EventCountry "MLT"]
[SourceTitle "CBM 205 Extra"]
[Source "ChessBase"]
[SourceDate "2022.01.31"]
[SourceVersion "1"]
[SourceVersionDate "2022.01.31"]
[SourceQuality "1"]
[WhiteTeam "Jersey"]
[BlackTeam "Luxembourg"]
[WhiteTeamCountry "GCI"]
[BlackTeamCountry "LUX"]

1. d4 Nf6 2. Nf3 g6 3. Bf4 Bg7 4. e3 0-0 5. Be2 d6 6. Nc3 a5 7. Nd2 a4 8. a3 c6 9. Nde4 Nbd7 10. Qd2 Qa5 11. g4 Nxe4 12. Nxe4 Qxd2+ 13. Kxd2 d5 14. Nc3 e5 15. dxe5 Nxe5 16. Bxe5 Bxe5 17. f4 Bg7 18. Raf1 f5 19. gxf5 Bxf5 20. Bd3 d4 21. exd4 Bxd4 22. Kc1 Bh3 23. Re1 Bg2 24. Bc4+ Kh8 25. Rhg1 Bxg1 26. Rxg1 Rxf4 27. Bd3 Bd5 28. Re1 Rf2 29. h3 Rh2 30. Re7 Rxh3 31. Ne2 g5 32. Nd4 Rh1+ 33. Kd2 Rh2+ 34. Kc3 g4 35. Nf5 Rf8 36. Rxb7 Rxf5 37. Bxf5 g3 38. Rb4 Bf3 39. Be6 g2 40. Rb8+ Kg7 41. Rg8+ Kf6 42. Bd7 h5 43. Rf8+ Ke7 0-1

[Event "EU Small Countries ol 7th"]
[Site "Sliema"]
[Date "2021.11.28"]
[Round "1.5"]
[White "Schartz, Alain"]
[Black "Nevska, Gerda"]
[Result "1-0"]
[WhiteElo "2105"]
[BlackElo "1834"]
[PlyCount "69"]
[EventDate "2021.11.28"]
[EventType "team-tourn"]
[EventRounds "9"]
[EventCountry "MLT"]
[SourceTitle "CBM 205 Extra"]
[Source "ChessBase"]
[SourceDate "2022.01.31"]
[SourceVersion "1"]
[SourceVersionDate "2022.01.31"]
[SourceQuality "1"]
[WhiteTeam "Luxembourg"]
[BlackTeam "Guernsey"]
[WhiteTeamCountry "LUX"]
[BlackTeamCountry "GCI"]

1. d4 b6 2. c4 Nf6 3. Nc3 Bb7 4. Bg5 e6 5. Nf3 Be7 6. e3 h6 7. Bh4 0-0 8. Bd3 d6 9. 0-0 Nbd7 10. Re1 e5 11. Bc2 Nh7 12. Bg3 Bxf3 13. Qxf3 Ng5 14. Qe2 exd4 15. exd4 Bf6 16. Qd3 g6 17. h4 Nh7 18. h5 Bg7 19. hxg6 fxg6 20. Qxg6 Nhf6 21. Bf4 Rf7 22. Bxh6 Nf8 23. Qg5 N6h7 24. Qxd8 Rxd8 25. Bxg7 Kxg7 26. Re3 Ng6 27. Rg3 Nhf8 28. Re1 Rf4 29. Bxg6 Nxg6 30. Re6 Rf6 31. Rxf6 Kxf6 32. Nd5+ Kf5 33. Nxc7 Nf4 34. Rf3 Ke4 35. Rxf4+ 1-0

[Event "EU-Cup 34th"]
[Site "Porto Carras"]
[Date "2018.10.17"]
[Round "6.5"]
[White "Schartz, Alain"]
[Black "Bevan, Peter M"]
[Result "1/2-1/2"]
[WhiteElo "2107"]
[BlackElo "1886"]
[PlyCount "67"]
[EventDate "2018.10.12"]
[EventType "team-swiss"]
[EventRounds "7"]
[EventCountry "GRE"]
[SourceTitle "CBM 187"]
[Source "ChessBase"]
[SourceDate "2018.12.11"]
[SourceVersion "1"]
[SourceVersionDate "2018.12.11"]
[SourceQuality "1"]
[WhiteTeam "Dudelange"]
[BlackTeam "White Knights"]
[WhiteTeamCountry "LUX"]
[BlackTeamCountry "WLS"]

1. e4 d5 2. exd5 Qxd5 3. Nc3 Qd8 4. d4 c6 5. Nf3 Bf5 6. Bc4 e6 7. Bb3 Nd7 8. Ne2 Ngf6 9. Ng3 Bg6 10. Nh4 Nh5 11. Nxg6 hxg6 12. Nxh5 Rxh5 13. Be3 Qc7 14. h3 0-0-0 15. Qe2 Bd6 16. 0-0-0 Bf4 17. Kb1 Bxe3 18. fxe3 c5 19. c3 Nb6 20. c4 Kb8 21. Rd2 a5 22. a3 Rhh8 23. Rhd1 e5 24. dxe5 Rxd2 25. Qxd2 Qxe5 26. Qxa5 Nc8 27. Qd2 Re8 28. Re1 Nd6 29. g4 f5 30. Rd1 Ne4 31. Qa5 fxg4 32. Rd8+ Rxd8 33. Qxd8+ Ka7 34. Qa5+ 1/2-1/2

[Event "EU-Cup 34th"]
[Site "Porto Carras"]
[Date "2018.10.15"]
[Round "4.5"]
[White "Walton, Alan J"]
[Black "Schartz, Alain"]
[Result "1/2-1/2"]
[WhiteElo "2152"]
[BlackElo "2107"]
[PlyCount "77"]
[EventDate "2018.10.12"]
[EventType "team-swiss"]
[EventRounds "7"]
[EventCountry "GRE"]
[SourceTitle "CBM 187"]
[Source "ChessBase"]
[SourceDate "2018.12.11"]
[SourceVersion "1"]
[SourceVersionDate "2018.12.11"]
[SourceQuality "1"]
[WhiteTeam "3Cs"]
[BlackTeam "Dudelange"]
[WhiteTeamCountry "ENG"]
[BlackTeamCountry "LUX"]

1. d4 d5 2. c4 e6 3. Nc3 Nf6 4. cxd5 exd5 5. Bg5 c6 6. Qc2 Be7 7. e3 Nbd7 8. Bd3 h6 9. Bh4 Nh5 10. Bxe7 Qxe7 11. Nge2 Nb6 12. 0-0-0 Bd7 13. Kb1 0-0-0 14. Na4 Nxa4 15. Qxa4 Kb8 16. Rc1 Nf6 17. Ng3 Bc8 18. Qc2 Rhe8 19. Rhe1 Qc7 20. h3 Qd6 21. Nf1 Be6 22. Nd2 Rc8 23. Nf3 Nd7 24. Bf5 Bxf5 25. Qxf5 Nf6 26. Ne5 Rc7 27. Re2 Qe7 28. Rec2 Ne4 29. Qf4 Nd6 30. b3 Ka8 31. Nd3 Ne4 32. Kb2 Rec8 33. f3 Nf6 34. g4 Nd7 35. e4 dxe4 36. fxe4 Nf6 37. Ne5 Qb4 38. Rc4 Qd6 39. Qe3 1/2-1/2

[Event "LUX-chT 2016/17"]
[Site "Luxembourg"]
[Date "2017.04.02"]
[Round "10"]
[White "Schartz, Alain"]
[Black "Feldmann, Johannes"]
[Result "0-1"]
[WhiteElo "2132"]
[BlackElo "2182"]
[PlyCount "80"]
[EventDate "2016.09.25"]
[EventType "team-tourn"]
[EventRounds "10"]
[EventCountry "LUX"]
[SourceTitle "EXT 2018"]
[Source "ChessBase"]
[SourceDate "2017.10.13"]
[SourceVersion "1"]
[SourceVersionDate "2017.10.13"]
[SourceQuality "1"]

1. d4 d5 2. Nf3 Nf6 3. c3 c5 4. e3 Nc6 5. Bd3 Bg4 6. Qa4 Bxf3 7. gxf3 e6 8. Rg1 g6 9. Nd2 Bg7 10. dxc5 0-0 11. Qh4 Qc7 12. Nb3 Nd7 13. Bd2 Nce5 14. Be2 Nxc5 15. Nxc5 Qxc5 16. 0-0-0 b5 17. Qb4 Qc7 18. Qxb5 Rab8 19. Qa4 Rb6 20. Kc2 Rfb8 21. Bc1 Nxf3 22. Qa3 Nxg1 23. Rxg1 Qxh2 24. Rf1 Qc7 25. Rh1 h5 26. Bd3 Qb7 27. Rh4 Bf8 28. Qa4 Be7 29. Rh2 Rxb2+ 30. Kd1 Qc7 31. Rg2 Qxc3 32. Qd4 Qxd4 33. exd4 Rxa2 34. Bf4 Rc8 35. Be5 Kh7 36. Rh2 h4 37. Bg3 Kh6 38. Bxh4 Bxh4 39. Rxh4+ Kg7 40. Rh1 Ra1+ 0-1

[Event "Luxembourg-chT 1314"]
[Site "Luxembourg"]
[Date "2014.02.02"]
[Round "6"]
[White "Sebe Vodislav, Florian George"]
[Black "Schartz, Alain"]
[Result "1-0"]
[WhiteElo "2310"]
[BlackElo "2187"]
[PlyCount "95"]
[EventDate "2013.10.05"]
[EventType "team-tourn"]
[EventRounds "10"]
[EventCountry "LUX"]
[SourceTitle "EXT 2017"]
[Source "ChessBase"]
[SourceDate "2016.10.25"]
[SourceVersion "1"]
[SourceVersionDate "2016.10.25"]
[SourceQuality "1"]

1. f4 d5 2. Nf3 Nf6 3. g3 c5 4. Bg2 Nc6 5. 0-0 g6 6. d3 Bg7 7. Nc3 0-0 8. e4 dxe4 9. dxe4 Qxd1 10. Rxd1 e5 11. Nxe5 Nxe5 12. fxe5 Ng4 13. Nd5 Nxe5 14. Bg5 f6 15. Bf4 Bg4 16. Rf1 Rad8 17. Rf2 Nc6 18. Be3 b6 19. Raf1 Rd6 20. Bf4 Rd7 21. Bd2 Rd6 22. Bc3 Bc8 23. Nxf6+ Bxf6 24. Rxf6 Rdxf6 25. Rxf6 Rxf6 26. Bxf6 Nb4 27. c3 Nxa2 28. Bf1 Be6 29. Bg5 Kg7 30. Ba6 h6 31. Bf4 g5 32. Bb8 Nc1 33. Bxa7 c4 34. Bxb6 Nb3 35. Kf2 h5 36. Ke3 Kf6 37. Bb5 Ke7 38. Ba4 Bf7 39. Bxb3 cxb3 40. Kd4 h4 41. Ke5 hxg3 42. Bc5+ Kd7 43. hxg3 g4 44. Kd4 Kc6 45. c4 Bg6 46. Bf8 Bh7 47. Kc3 Bxe4 48. Kxb3 1-0

[Event "Luxembourg-chT 1213"]
[Site "Luxembourg"]
[Date "2013.03.10"]
[Round "6"]
[White "Ghavami, Seyed Reza"]
[Black "Schartz, Alain"]
[Result "1/2-1/2"]
[WhiteElo "1914"]
[BlackElo "2187"]
[PlyCount "136"]
[EventDate "2012.10.??"]
[EventType "team-tourn"]
[EventRounds "10"]
[EventCountry "LUX"]
[SourceTitle "EXT 2017"]
[Source "ChessBase"]
[SourceDate "2016.10.25"]
[SourceVersion "1"]
[SourceVersionDate "2016.10.25"]
[SourceQuality "1"]

1. e4 c5 2. Nf3 Nc6 3. d4 cxd4 4. Nxd4 g6 5. c4 Nf6 6. Nc3 Nxd4 7. Qxd4 d6 8. Be2 Bg7 9. Qd3 0-0 10. Be3 a5 11. 0-0 a4 12. Rac1 Nd7 13. Rfd1 Ne5 14. Qd2 Be6 15. Nb5 Bd7 16. f4 Ng4 17. Bd4 Nf6 18. Nc3 Bc6 19. Bf3 Re8 20. Qf2 Qa5 21. a3 Nd7 22. Bxg7 Kxg7 23. e5 Bxf3 24. gxf3 Qc5 25. Nb5 Ra5 26. Rd5 Qxf2+ 27. Kxf2 Kf8 28. exd6 exd6 29. Rxd6 Nc5 30. Rcd1 Ne6 31. Rd7 Nxf4 32. Rxb7 Re2+ 33. Kf1 Rxh2 34. Rdd7 Kg8 35. Rxf7 Nh5 36. Nd6 Ra8 37. Rfd7 Rf8 38. Nf7 Nf4 39. Kg1 Rh3 40. c5 Re8 41. Ne5 Ne6 42. c6 Rh5 43. Ng4 Rf8 44. Re7 Nd4 45. Ne5 Nf5 46. Rf7 Re8 47. c7 Nd6 48. Rg7+ Kf8 49. Rb6 Kxg7 50. Rxd6 Rhxe5 51. Rd8 Rc5 52. Rxe8 Rxc7 53. Re4 Rc1+ 54. Kf2 Rc2+ 55. Kg3 Rxb2 56. Rxa4 h5 57. Ra5 Rb1 58. Kg2 Kh6 59. f4 Rb3 60. Ra4 h4 61. Kh2 h3 62. Ra5 Rf3 63. a4 Ra3 64. f5 gxf5 65. Rxf5 Rxa4 66. Kxh3 Ra3+ 67. Kg4 Ra4+ 68. Rf4 Rxf4+ 1/2-1/2

[Event "Luxembourg-chT 1314"]
[Site "Luxembourg"]
[Date "2013.??.??"]
[Round "2"]
[White "Haensel, Jean Marie"]
[Black "Schartz, Alain"]
[Result "0-1"]
[WhiteElo "1862"]
[BlackElo "2187"]
[PlyCount "92"]
[EventDate "2013.10.05"]
[EventType "team-tourn"]
[EventRounds "10"]
[EventCountry "LUX"]
[SourceTitle "EXT 2017"]
[Source "ChessBase"]
[SourceDate "2016.10.25"]
[SourceVersion "1"]
[SourceVersionDate "2016.10.25"]
[SourceQuality "1"]

1. d4 d5 2. c4 e6 3. Nc3 Nf6 4. Bg5 c6 5. cxd5 exd5 6. Qc2 g6 7. e3 Bf5 8. Bd3 Bxd3 9. Qxd3 Bg7 10. Nf3 0-0 11. Ne5 Nbd7 12. f4 a5 13. 0-0 Qe8 14. Rae1 a4 15. Qd1 Nxe5 16. fxe5 Ne4 17. Nxe4 dxe4 18. Bf6 Qe6 19. a3 Qd5 20. Bxg7 Kxg7 21. Rf6 c5 22. Rd6 Qa2 23. Qd2 cxd4 24. exd4 Rad8 25. Rxe4 Rxd6 26. exd6 Rd8 27. Re7 Rxd6 28. h3 Qd5 29. Qb4 b5 30. Re5 Qc6 31. Qxb5 Qc1+ 32. Kh2 Qf4+ 33. Kh1 Qc1+ 34. Kh2 Rxd4 35. Re2 Qf4+ 36. g3 Qd6 37. Qa5 h5 38. Qc3 Kh7 39. Qf3 Kg7 40. Qc3 h4 41. Kg2 Qd5+ 42. Kh2 Kh7 43. gxh4 Rd3 44. Qe5 Qf3 45. Qe4 Qg3+ 46. Kh1 Rd1+ 0-1

[Event "Lille Luce op 3rd"]
[Site "Lille"]
[Date "2012.04.24"]
[Round "2"]
[White "Hajenius, Willem"]
[Black "Schartz, Alain"]
[Result "1/2-1/2"]
[WhiteElo "1958"]
[BlackElo "2147"]
[PlyCount "45"]
[EventDate "2012.04.23"]
[EventType "swiss"]
[EventRounds "8"]
[EventCountry "FRA"]
[SourceTitle "CBM 148 Extra"]
[Source "ChessBase"]
[SourceDate "2012.06.22"]
[SourceVersion "1"]
[SourceVersionDate "2012.06.22"]
[SourceQuality "1"]

1. d4 Nf6 2. c4 e5 3. dxe5 Ng4 4. e3 Nxe5 5. Nh3 g6 6. Nf4 Bg7 7. Nc3 0-0 8. Be2 d6 9. 0-0 Nbd7 10. e4 Nb6 11. Qb3 Nc6 12. Be3 Nd4 13. Bxd4 Bxd4 14. Rad1 Be5 15. Nd3 Bxc3 16. Qxc3 Qe7 17. Bf3 Be6 18. b3 Nd7 19. Qb4 Rab8 20. e5 c5 21. exd6 Qxd6 22. Qc3 Qc7 23. Rfe1 1/2-1/2

[Event "EU-chT (Men) 18th"]
[Site "Porto Carras"]
[Date "2011.11.09"]
[Round "7.3"]
[White "Kett, Timothy"]
[Black "Schartz, Alain"]
[Result "1/2-1/2"]
[WhiteElo "2184"]
[BlackElo "2160"]
[PlyCount "64"]
[EventDate "2011.11.03"]
[EventType "team-swiss"]
[EventRounds "9"]
[EventCountry "GRE"]
[SourceTitle "CBM 146"]
[Source "ChessBase"]
[SourceDate "2012.01.18"]
[SourceVersion "1"]
[SourceVersionDate "2012.01.18"]
[SourceQuality "1"]
[WhiteTeam "Wales"]
[BlackTeam "Luxembourg"]
[WhiteTeamCountry "WLS"]
[BlackTeamCountry "LUX"]

1. e4 d5 2. exd5 Qxd5 3. Nc3 Qd6 4. d4 Nf6 5. Nf3 a6 6. g3 Bg4 7. Bg2 Nc6 8. 0-0 0-0-0 9. Be3 e6 10. h3 Bh5 11. a3 Qd7 12. b4 Nd5 13. Nxd5 exd5 14. Qe2 Bxf3 15. Bxf3 Kb8 16. Rab1 Na7 17. Rfc1 h5 18. c4 dxc4 19. Qxc4 Bd6 20. Qf1 h4 21. g4 f5 22. Qg2 c6 23. gxf5 Qxf5 24. a4 Bf4 25. d5 Bxe3 26. fxe3 cxd5 27. b5 Rh6 28. bxa6 Rxa6 29. e4 Qf7 30. exd5 Rg6 31. Bg4 Qxd5 32. Qxd5 Rxd5 1/2-1/2

[Event "EU-chT (Men) 18th"]
[Site "Porto Carras"]
[Date "2011.11.04"]
[Round "2.2"]
[White "Schartz, Alain"]
[Black "Iordachescu, Viorel"]
[Result "0-1"]
[WhiteElo "2160"]
[BlackElo "2648"]
[PlyCount "48"]
[EventDate "2011.11.03"]
[EventType "team-swiss"]
[EventRounds "9"]
[EventCountry "GRE"]
[SourceTitle "CBM 146"]
[Source "ChessBase"]
[SourceDate "2012.01.18"]
[SourceVersion "1"]
[SourceVersionDate "2012.01.18"]
[SourceQuality "1"]
[WhiteTeam "Luxembourg"]
[BlackTeam "Moldova"]
[WhiteTeamCountry "LUX"]
[BlackTeamCountry "MDA"]

1. e4 e5 2. Nf3 Nc6 3. Bc4 Nf6 4. Ng5 d5 5. exd5 Na5 6. Bb5+ c6 7. dxc6 bxc6 8. Bd3 g6 9. 0-0 Bg7 10. Re1 0-0 11. Nc3 Nd5 12. Nge4 f5 13. Nc5 e4 14. Be2 Bd4 15. Nxd5 cxd5 16. Nb3 Nxb3 17. axb3 f4 18. c3 Bb6 19. d4 f3 20. Bf1 fxg2 21. Bxg2 Qh4 22. Be3 Bc7 23. Qd2 Qxh2+ 24. Kf1 Bg4 0-1

[Event "La Fere op 10th"]
[Site "La Fere"]
[Date "2011.07.03"]
[Round "2.6"]
[White "Piankov, Evgenij"]
[Black "Schartz, Alain"]
[Result "1-0"]
[WhiteElo "2327"]
[BlackElo "2172"]
[PlyCount "91"]
[EventDate "2011.07.02"]
[EventType "swiss"]
[EventRounds "9"]
[EventCountry "FRA"]
[SourceTitle "EXT 2012"]
[Source "ChessBase"]
[SourceDate "2011.11.24"]
[SourceVersion "1"]
[SourceVersionDate "2011.11.24"]
[SourceQuality "1"]

1. d4 Nf6 2. e3 d5 3. Bd3 c5 4. c3 cxd4 5. cxd4 Nc6 6. Nf3 e6 7. 0-0 Bd6 8. Nc3 0-0 9. Bd2 Bd7 10. a3 a6 11. Na4 e5 12. dxe5 Nxe5 13. Be2 b5 14. Nc3 Nxf3+ 15. Bxf3 Be6 16. Ne2 Ne4 17. Bc3 Be7 18. Bd4 a5 19. Nc3 Nxc3 20. Bxc3 b4 21. axb4 axb4 22. Bd4 Rxa1 23. Qxa1 Qa8 24. Qd1 Rc8 25. Qd3 Qc6 26. h3 Qc4 27. Qd2 Bd6 28. Ra1 h6 29. Be2 Qc7 30. Ba6 Ra8 31. Rc1 Qd7 32. Bf1 Rc8 33. Bd3 Rxc1+ 34. Qxc1 Bf5 35. Qc2 Bxd3 36. Qxd3 Qc7 37. Qd2 Qc4 38. g3 f6 39. Qd1 b3 40. Qg4 Kf7 41. Qd7+ Be7 42. h4 h5 43. Kg2 g6 44. Kf3 Kf8 45. Qe6 Bd8 46. Kg2 1-0

[Event "Luxembourg-chT 1112"]
[Site "Luxembourg"]
[Date "2011.01.10"]
[Round "4"]
[White "Schmitz, Joachim"]
[Black "Schartz, Alain"]
[Result "0-1"]
[WhiteElo "2319"]
[BlackElo "2187"]
[PlyCount "58"]
[EventDate "2011.10.??"]
[EventType "team-tourn"]
[EventRounds "10"]
[EventCountry "LUX"]
[SourceTitle "EXT 2017"]
[Source "ChessBase"]
[SourceDate "2016.10.25"]
[SourceVersion "1"]
[SourceVersionDate "2016.10.25"]
[SourceQuality "1"]

1. e4 c5 2. c3 Nf6 3. e5 Nd5 4. d4 cxd4 5. cxd4 e6 6. Bc4 Nb6 7. Bd3 Nc6 8. Nf3 d6 9. 0-0 Bd7 10. Bg5 Qc7 11. a3 dxe5 12. Nc3 a6 13. dxe5 Nxe5 14. Nxe5 Qxe5 15. Be3 Nd5 16. Nxd5 Qxd5 17. Qe2 Bc6 18. f3 Qh5 19. Qf2 Bd6 20. g4 Qh3 21. Rad1 Bxf3 22. Bb5+ axb5 23. Rxd6 Qxg4+ 24. Qg3 Qxg3+ 25. hxg3 Bd5 26. Rc1 0-0 27. Rc7 Rac8 28. Rdd7 Rxc7 29. Rxc7 Bc6 0-1

[Event "EU-Cup 26th"]
[Site "Plovdiv"]
[Date "2010.10.20"]
[Round "4.4"]
[White "Schartz, Alain"]
[Black "Sirin, Atakan"]
[Result "1-0"]
[WhiteElo "2187"]
[BlackElo "2240"]
[PlyCount "85"]
[EventDate "2010.10.17"]
[EventType "team-swiss"]
[EventRounds "7"]
[EventCountry "BUL"]
[SourceTitle "CBM 139"]
[Source "ChessBase"]
[SourceDate "2010.11.18"]
[SourceVersion "1"]
[SourceVersionDate "2010.11.18"]
[SourceQuality "1"]
[WhiteTeam "Dudelange"]
[BlackTeam "Manisa Doruk Koleji"]
[WhiteTeamCountry "LUX"]
[BlackTeamCountry "TUR"]

1. d4 d5 2. c4 e6 3. Nc3 Nf6 4. cxd5 exd5 5. Bg5 c6 6. Qc2 Be7 7. e3 Nbd7 8. Bd3 0-0 9. Nge2 Re8 10. 0-0 Nf8 11. f3 Be6 12. Rad1 Rc8 13. Kh1 Qa5 14. a3 c5 15. dxc5 Qxc5 16. Nd4 h6 17. Bh4 N8d7 18. Qe2 Ne5 19. Bb1 Nc4 20. Rc1 Qb6 21. Rc2 Qa6 22. Na2 g5 23. Bf2 Bc5 24. Nb4 Qb6 25. Nxe6 fxe6 26. Rc3 Qd6 27. Nd3 Bb6 28. Bg3 Qe7 29. Ne5 Nxe5 30. Bxe5 Nd7 31. Rxc8 Rxc8 32. Bc3 Bc7 33. f4 e5 34. Qd3 d4 35. exd4 exf4 36. Qg6+ Qg7 37. Qe6+ Qf7 38. Bh7+ Kg7 39. d5+ Ne5 40. Qxc8 Kxh7 41. Qe6 Qxe6 42. dxe6 Nc4 43. e7 1-0

[Event "Rheinland Pfalz op 2nd"]
[Site "Schweich"]
[Date "2010.07.18"]
[Round "6"]
[White "Schartz, Alain"]
[Black "Korman, Maxim"]
[Result "0-1"]
[WhiteElo "2181"]
[BlackElo "2177"]
[PlyCount "76"]
[EventDate "2010.07.16"]
[EventType "swiss"]
[EventRounds "7"]
[EventCountry "GER"]
[SourceTitle "EXT 2012"]
[Source "ChessBase"]
[SourceDate "2011.11.24"]
[SourceVersion "1"]
[SourceVersionDate "2011.11.24"]
[SourceQuality "1"]

1. e4 e5 2. Nf3 Nf6 3. d4 Nxe4 4. dxe5 d5 5. Nbd2 Nc5 6. Nb3 Ne6 7. Nbd4 a6 8. Bd3 Nxd4 9. Nxd4 c5 10. Nf3 Be7 11. c3 Nc6 12. Qc2 Bg4 13. Bf4 h6 14. Bf5 Bxf5 15. Qxf5 Qd7 16. Qxd7+ Kxd7 17. 0-0 b5 18. Rad1 Ke6 19. Bg3 b4 20. Ne1 c4 21. f4 g6 22. Nc2 Rab8 23. Bf2 h5 24. Ne3 Rhd8 25. h3 h4 26. Rd2 bxc3 27. bxc3 d4 28. Nxc4 dxc3 29. Rc2 Nd4 30. Bxd4 Rxd4 31. Rxc3 Rc8 32. Rfc1 Rxf4 33. a3 Bc5+ 34. Kh1 Bd4 35. R3c2 Rf2 36. Rxf2 Bxf2 37. Rc2 Bd4 38. Kh2 Rc5 0-1

[Event "Rheinland Pfalz op 2nd"]
[Site "Schweich"]
[Date "2010.07.17"]
[Round "5"]
[White "Kessler, Andreas"]
[Black "Schartz, Alain"]
[Result "1/2-1/2"]
[WhiteElo "2137"]
[BlackElo "2181"]
[PlyCount "112"]
[EventDate "2010.07.16"]
[EventType "swiss"]
[EventRounds "7"]
[EventCountry "GER"]
[SourceTitle "EXT 2012"]
[Source "ChessBase"]
[SourceDate "2011.11.24"]
[SourceVersion "1"]
[SourceVersionDate "2011.11.24"]
[SourceQuality "1"]

1. c4 Nf6 2. Nf3 e6 3. g3 d5 4. Bg2 dxc4 5. Qa4+ Nbd7 6. Qxc4 Be7 7. 0-0 0-0 8. d4 c6 9. b4 Nb6 10. Qb3 Bd7 11. Bd2 Re8 12. Rc1 Ne4 13. Be1 f6 14. Nbd2 Nxd2 15. Bxd2 Kh8 16. a4 Bd6 17. a5 Nc8 18. Bc3 a6 19. e4 Na7 20. Rd1 Nb5 21. Bd2 Nc7 22. Be3 Rf8 23. Ne1 f5 24. Nd3 fxe4 25. Bxe4 Nd5 26. Nc5 Rb8 27. Bg5 Qe8 28. Bc2 Bxc5 29. bxc5 Qh5 30. Be3 Rf6 31. h4 Rbf8 32. Rd2 Nxe3 33. Qxe3 Qf3 34. Qxf3 Rxf3 35. Bd3 h6 36. Re1 Kg8 37. Re5 Kf7 38. Kg2 Ke7 39. Re4 Kd8 40. Re5 Ke7 41. Re1 Bc8 42. Ra1 Bd7 43. Rb1 Bc8 44. Re1 Bd7 45. Re4 R8f6 46. Rg4 Kf8 47. Rg6 Rf7 48. h5 Ke7 49. Rxg7 Rxf2+ 50. Rxf2 Rxg7 51. Rb2 Bc8 52. Bg6 Rg8 53. Rf2 Rf8 54. Rxf8 Kxf8 55. Kf3 Ke7 56. Kf4 Kf6 1/2-1/2

[Event "EU-ch 10th"]
[Site "Budva"]
[Date "2009.03.16"]
[Round "10"]
[White "Vulevic, Vjekoslav"]
[Black "Schartz, Alain"]
[Result "1/2-1/2"]
[WhiteElo "2325"]
[BlackElo "2202"]
[PlyCount "88"]
[EventDate "2009.03.06"]
[EventType "swiss"]
[EventRounds "11"]
[EventCountry "MNE"]
[SourceTitle "CBM 130"]
[Source "ChessBase"]
[SourceDate "2009.05.20"]
[SourceVersion "1"]
[SourceVersionDate "2009.05.20"]
[SourceQuality "1"]

1. e4 c5 2. Nf3 Nc6 3. b3 e5 4. Bb2 d6 5. Bb5 Nge7 6. a4 a6 7. Bc4 Ng6 8. h4 Be7 9. h5 Nf4 10. g3 Ne6 11. c3 Ng5 12. Nxg5 Bxg5 13. Na3 Be6 14. Bxe6 fxe6 15. Qg4 Qe7 16. f4 exf4 17. gxf4 Bf6 18. Nc4 0-0-0 19. a5 Kb8 20. Ne3 Rhe8 21. 0-0 g6 22. hxg6 Rg8 23. Kf2 Rxg6 24. Qh5 Rdg8 25. Rh1 d5 26. e5 d4 27. Nf1 Rg2+ 28. Ke1 Bh8 29. cxd4 Nb4 30. Qf3 Nc2+ 31. Kd1 Nxa1 32. Bxa1 Qc7 33. Bc3 cxd4 34. Bxd4 R2g7 35. Bb6 Qd7 36. Kc2 Rc8+ 37. Kb2 Rf7 38. Qe4 Ka8 39. Rh3 Qb5 40. Rf3 Bxe5+ 41. fxe5 Rxf3 42. Qxf3 Qxe5+ 43. d4 Qe1 44. Ne3 Qc3+ 1/2-1/2

[Event "EU-ch 10th"]
[Site "Budva"]
[Date "2009.03.14"]
[Round "8"]
[White "Gagic, Miroljub"]
[Black "Schartz, Alain"]
[Result "0-1"]
[WhiteElo "1880"]
[BlackElo "2202"]
[PlyCount "71"]
[EventDate "2009.03.06"]
[EventType "swiss"]
[EventRounds "11"]
[EventCountry "MNE"]
[SourceTitle "CBM 130"]
[Source "ChessBase"]
[SourceDate "2009.05.20"]
[SourceVersion "1"]
[SourceVersionDate "2009.05.20"]
[SourceQuality "1"]

1. e4 d5 2. exd5 Qxd5 3. Nf3 Bg4 4. Be2 e6 5. d4 Nf6 6. 0-0 Nbd7 7. c4 Qa5 8. h3 Bh5 9. Nc3 c6 10. Qc2 Bd6 11. Ne4 Nxe4 12. Qxe4 Bg6 13. Qe3 0-0 14. Bd2 Qc7 15. c5 Be7 16. Ne5 Nf6 17. Nxg6 hxg6 18. b4 Nd5 19. Qe4 Qd7 20. Rab1 a6 21. a4 Rfd8 22. Qc2 Bf6 23. Be3 Qc7 24. b5 axb5 25. axb5 Nxe3 26. fxe3 e5 27. bxc6 bxc6 28. dxe5 Qxe5 29. Bf3 Qxe3+ 30. Kh1 Rac8 31. Qf2 Qg5 32. Rfd1 Rxd1+ 33. Rxd1 Be5 34. Be4 Qe7 35. Rf1 Bb8 36. g4 0-1